Hong Kong Citybus (CTB) Route Extreme 香港城巴路線 - Statistics

General Stats
  • This quiz has been taken 45 times
    44 since last reset
  • The average score is 255 of 381
Answer Stats
Answer % Correct
1
100%
10
100%
2
100%
4
100%
6
100%
7
100%
8
100%
9
100%
11
96%
12
96%
13
96%
14
96%
15
96%
23
96%
18
92%
1M
92%
20
92%
22
92%
2A
92%
2X
92%
6A
92%
6X
92%
101
88%
103
88%
12A
88%
1P
88%
25
88%
27
88%
38
88%
40
88%
42
88%
4X
88%
5B
88%
8P
88%
8X
88%
90
88%
97
88%
102
84%
104
84%
106
84%
107
84%
109
84%
110
84%
111
84%
112
84%
113
84%
115
84%
116
84%
117
84%
118
84%
23B
84%
26
84%
3A
84%
48
84%
5X
84%
70
84%
79
84%
91
84%
93
84%
98
84%
99
84%
A11
84%
A12
84%
A21
84%
12M
80%
171
80%
20A
80%
23X
80%
50
80%
55
80%
66
80%
77
80%
78
80%
81
80%
82
80%
85
80%
A10
80%
A20
80%
111P
76%
170
76%
22X
76%
25A
76%
30X
76%
33X
76%
41A
76%
56
76%
592
76%
63
76%
65
76%
71
76%
72
76%
73
76%
75
76%
76
76%
8H
76%
970
76%
971
76%
A22
76%
A23
76%
A25
76%
A26
76%
A28
76%
A29
76%
E11
76%
101X
72%
115P
72%
15B
72%
15C
72%
182
72%
18X
72%
22D
72%
37A
72%
37B
72%
42C
72%
43M
72%
595
72%
601
72%
606
72%
619
72%
690
72%
690P
72%
694
72%
71P
72%
77A
72%
77X
72%
78P
72%
952
72%
962
72%
970X
72%
973
72%
976
72%
A17
72%
N8
72%
102P
68%
171A
68%
171P
68%
182X
68%
18P
68%
22M
68%
22R
68%
307
68%
37X
68%
40M
68%
40P
68%
601P
68%
606A
68%
606X
68%
608
68%
619P
68%
619X
68%
682
68%
701
68%
702
68%
70P
68%
72A
68%
73P
68%
78X
68%
790
68%
797
68%
798
68%
79P
68%
81A
68%
82X
68%
85A
68%
85P
68%
904
68%
905
68%
914
68%
91A
68%
930
68%
933
68%
950
68%
962A
68%
962C
68%
962G
68%
962P
68%
962X
68%
969
68%
979
68%
99X
68%
B3
68%
B3A
68%
B3X
68%
E11A
68%
E21
68%
E21A
68%
E22
68%
E22A
68%
N8P
68%
N8X
68%
X1
68%
101R
64%
106P
64%
107P
64%
118P
64%
19P
64%
260
64%
56A
64%
608P
64%
621
64%
680
64%
681
64%
701A
64%
788
64%
789
64%
793
64%
795
64%
796P
64%
796X
64%
79X
64%
90B
64%
90C
64%
914P
64%
914X
64%
930A
64%
930X
64%
93A
64%
948
64%
952C
64%
952P
64%
955
64%
95C
64%
967
64%
969B
64%
969C
64%
969N
64%
969P
64%
969X
64%
976A
64%
985
64%
986
64%
987
64%
A25S
64%
B3M
64%
B5
64%
B7
64%
B8
64%
E22C
64%
E23
64%
N121
64%
N691
64%
102R
60%
106A
60%
20R
60%
307A
60%
49X
60%
50M
60%
641
60%
678
60%
679
60%
680B
60%
680P
60%
680X
60%
681P
60%
682A
60%
682B
60%
682P
60%
690S
60%
701S
60%
702S
60%
720
60%
78C
60%
795X
60%
796R
60%
796S
60%
798A
60%
798P
60%
798X
60%
930B
60%
93C
60%
948A
60%
948B
60%
948E
60%
948P
60%
948X
60%
967X
60%
989
60%
E11B
60%
E21B
60%
E21C
60%
E21D
60%
E21X
60%
E22P
60%
E22S
60%
E22X
60%
E23A
60%
H1
60%
H1S
60%
H2
60%
H3
60%
H4
60%
N122
60%
N72
60%
N90
60%
N962
60%
N969
60%
NA20
60%
NA21
60%
NA29
60%
X15
60%
X9
60%
302
56%
307P
56%
314
56%
50R
56%
629
56%
671
56%
694S
56%
702A
56%
702B
56%
720A
56%
720P
56%
720X
56%
722
56%
792M
56%
82S
56%
88X
56%
905A
56%
94A
56%
95P
56%
H2K
56%
N11
56%
N171
56%
N20
56%
NA11
56%
NA12
56%
S1
56%
S56
56%
47P
52%
780
52%
780P
52%
905P
52%
980X
52%
981P
52%
982X
52%
985A
52%
E11S
52%
N118
52%
N21
52%
N23
52%
N26
52%
N29
52%
N50
52%
NA10
52%
R11
52%
S52
52%
S52A
52%
S52P
52%
X8
52%
302A
48%
382
48%
580
48%
581
48%
582
48%
671X
48%
980A
48%
985B
48%
N182
48%
N21A
48%
N680
48%
N952
48%
R8
48%
511
44%
907C
44%
982C
44%
N170
44%
N307
44%
N619
44%
N930
44%
X970
44%
907B
40%
907D
40%
629M
36%
88R
36%
N796
36%
X962
36%
61R
32%
NP1
12%
NP2
12%
288
0%
289
0%
No matching quizzes found
Score Distribution
Percent of People with Each Score
Percentile by Number Answered
Your Score History
You have not taken this quiz since the last reset